000 00608nam a2200145Ia 4500
008 140724s9999 xx 000 0 und d
050 _aHD 5706
_b.Ib12 2007
100 _aIbañez, JRF R.
245 2 _aA comparative analysis of performance of upper school teachers as rated by the students and subjects area heads of Southville International School and Colleges School Year, 2005-2006 /
_cJRF R. Ibañez.
260 _aLas Piñas, Philippines :
_bSouthville International School and Colleges,
_cc2007.
300 _a66 p. :
_c28 cm.
521 _aHuman Resource Management
942 _cTH
999 _c229070
_d229070